000 00527nam a22001817a 4500
999 _c9885
_d9885
003 GBCCL
005 20241126110720.0
008 230818b ||||| |||| 00| 0 eng d
040 _cgbc
082 _a227.8107
_bCHR
245 _aChristian experience :
_b1 & 2 Thessalonians, Philippians
260 _aSecunderabad :
_bCEEFI,
_c1985
300 _a71pages
440 _aAdult Bible study
_917191
650 _aBible
_vNT
_x1 & 2 Thessalonians
_xstudy
_917192
650 _aBible
_vNT
_xPhilippians
_xstudy
_917193
942 _2ddc
_cBK